000 00248nam a2200109Ia 4500
005 20251222143216.0
008 251222s9999||||xx |||||||||||||| ||spa||
082 _a869.3/R78H
100 _a"Rojas, Manuel"
245 0 _aHijo de ladrĂ³n
942 _cLIB
999 _c13636
_d13636